| 000 | 00466nam a2200169 4500 | ||
|---|---|---|---|
| 001 | 148770 | ||
| 003 | ES-MaACL | ||
| 005 | 20230906202809.0 | ||
| 007 | t| | ||
| 008 | 070214s1961 sp r ||||1| spa d | ||
| 100 | 1 |
_aSuárez, Federico. _9108558 |
|
| 245 | 1 | 3 |
_aLa Virgen Nuestra Señora / _cFederico Suárez. |
| 250 | _a4ª ed. | ||
| 260 |
_aMadrid : _bRialp, _c1961 ( _fGráficas España) |
||
| 300 |
_a351 p. ; _c18 cm. |
||
| 852 |
_aES-MaACL _jC-20861 _bR.48948 |
||
| 999 |
_c148770 _d148770 |
||